Guess the College Basketball Player by picture - 2014 - Statistics

General Stats
  • This quiz has been taken 14 times
  • The average score is 8 of 16
Answer Stats
Picture Answer % Correct
Bobby Portis
100%
Kevon Looney
83%
Terry Rozier
83%
Cameron Payne
75%
Myles Turner
75%
Frank Kaminsky
67%
Sam Dekker
67%
Jerian Grant
50%
RJ Hunter
42%
Justice Winslow
33%
Stanley Johnson
33%
Delon Wright
25%
Justin Anderson
25%
Rashad Vaughn
8%
Chris McCullough
0%
Jarell Martin
0%
No matching quizzes found
Score Distribution
Percent of People with Each Score
Percentile by Number Answered
Your Score History
You have not taken this quiz